| 000 | 01472nam0a22003851 4500 | ||
|---|---|---|---|
| 001 | rc\2813118 | ||
| 005 | 20250806210905.0 | ||
| 035 | _a(NLR Aleph) 006938929 | ||
| 090 |
_a37178 _c37178 |
||
| 100 | _a20110915d1944 u y0rusy50 ca | ||
| 101 | 0 | _arus | |
| 102 | _aRU | ||
| 105 | _ay z |||a| | ||
| 200 | 1 |
_aОчерки и рассказы _fВ. Г. Кроленко |
|
| 210 |
_aМосква _cГослитиздат _d1944 |
||
| 215 |
_a272 с. _d20 см. |
||
| 327 | 1 | _aСодерж.: Сон Макара. Чудная. Мороз. "Лес шумит". Река играет. Приемыш. На Сеже. Без языка. Парадокс. Мое первое знакомство с Диккенсом | |
| 464 | 0 | _12000#$aНа Сеже | |
| 464 | 0 | _12000#$aПриемыш | |
| 464 | 0 | _12000#$aБез языка | |
| 464 | 0 | _12000#$aМое первое знакомство с Диккенсом | |
| 464 | 0 | _12000#$aПарадокс | |
| 464 | 0 | _12000#$aРека играет | |
| 464 | 0 | _12000#$aСон Макара | |
| 464 | 0 | _12000#$aЧудная | |
| 464 | 0 | _12000#$aМороз | |
| 464 | 0 | _12000#$aЛес шумит | |
| 700 | 1 |
_aКороленко _bВ.Г. _f1853-1921 _gВладимир Галактионович |
|
| 801 | 0 |
_aRU _bNLR _gpsbo |
|
| 801 | 1 |
_aRU _bELAR _2rusmarc |
|
| 852 |
_aNLR _jЛ30 Г-3/134 |
||
| 942 | _cBOOK | ||
| 945 | _aРоссийская национальная библиотека | ||
| 980 | _aNB | ||
| 980 | _aBV | ||